Central Library OPAC University of Rajshahi

An evaluation of women's work in Bangladesh / (Record no. 79483)

MARC details
000 -LEADER
fixed length control field 00939nam a22002537a 4500
001 - CONTROL NUMBER
RUCL Control Number 79483
003 - CONTROL NUMBER IDENTIFIER
rucl marc code BD-RjUL
005 - DATE AND TIME OF LATEST TRANSACTION
control field 20220616123820.0
008 - FIXED-LENGTH DATA ELEMENTS--GENERAL INFORMATION
fixed length control field 220303s2003 bg a|||| m||| 00| 0 eng d
035 ## - SYSTEM CONTROL NUMBER
system control number (BD-RjUL)79483
040 ## - CATALOGING SOURCE
Original cataloging agency BD-RjUL
Language of cataloging eng
Transcribing agency BD-RjUL
Modifying agency BD-RjUL
041 ## - LANGUAGE CODE
Language code of Book eng
082 ## - DEWEY DECIMAL CLASSIFICATION NUMBER
DDC Edition number 23
Classification number 331.4095492
Author mark and Year BEE 2003
100 ## - MAIN ENTRY--PERSONAL NAME
Personal name Begum, Dilara
9 (RLIN) 1661
245 10 - TITLE STATEMENT
Title An evaluation of women's work in Bangladesh /
Statement of responsibility, etc By Dilara. Begum ;
Name of Supervisor/Co-Supervisor Supervisor: Tariq Saiful Islam
260 ## - PUBLICATION, DISTRIBUTION, ETC. (IMPRINT)
Place of publication, distribution, etc Rajshahi :
Name of publisher, distributor, etc Department of Economics, University of Rajshahi,
Date of publication, distribution, etc 2003
300 ## - PHYSICAL DESCRIPTION
Pagination xiv, 161 leaves :
Other physical details ill, ;
Dimensions 29.cm.
502 ## - DISSERTATION NOTE
Dissertation note Thesis (Ph. D.) -- Department of Economics, University of Rajshahi, 2003
504 ## - BIBLIOGRAPHY, ETC. NOTE
Bibliography, etc Bibliography : Leaves [154] - 161
650 ## - SUBJECT ADDED ENTRY--TOPICAL TERM
Topical term or geographic name as entry element Women
General subdivision Employment
Geographic subdivision Bangladesh.
9 (RLIN) 3658
Topical term or geographic name as entry element Women
General subdivision Economic conditions
-- 21st century.
9 (RLIN) 3659
700 ## - ADDED ENTRY--SUPERVISOR/CO-SUPERVISOR NAME
Personal name Islam, Tariq Saiful, Supervisor
9 (RLIN) 1664
942 ## - ADDED ENTRY ELEMENTS (KOHA)
Source of classification or shelving scheme Dewey Decimal Classification
Koha item type Theses
Holdings
Source of classification or shelving scheme Damaged status Not for loan Collection code Permanent Location Current Location Shelving location Date of accession Source of acquisition Full call number Barcode Date last seen Copy number Thesis
Dewey Decimal Classification   Not For Loan Theses Central Library, University of Rajshahi Central Library, University of Rajshahi Documentation Section 17/04/2004 Controller of Exam. R.U THE 331.4095492 BEE 2003 D2222 03/03/2022 C-1 Theses